Datum a čas kvízu
31.5
Celkem bodů
Celkový počet nahraných bodů na tomto kvízu bez doplňovacích otázek.
5.
Pořadí na kvízu
Konečné umístění týmu na tomto kvízu.
Zaznamenané odpovědi
| # | Otázka | Odpověď | Body | Výsledky |
|---|---|---|---|---|
| 1. | "Po ___ společných letech plný... | třiceti | 1 | |
| 2. | Záplavy minulý týden velmi ztí... | Dubaj | 1 | |
| 3. | Devětadvacetiletý Nigerijec Tu... | hrál šachy | 0 | |
| 4. | Abstraktní obraz Conception/Da... | František Kupka | 1 | |
| 5. | 21letý litevský reprezentant M... | C) hod diskem | 1 | |
| 6. | Bolívie má, stejně jako několi... | Sucre; La Paz | 0 | |
| 7. | Které evropské hlavní město se... | Oslo | 0 | |
| 8. | Nyní vám dáme na výběr, zda si... | Windhoek; Manila | 0.5 | |
| 9. | Které malebné a nepříliš lidna... | Lublaň | 1 | |
| 10. | Kazachstán drží rekord v přejm... | Astana; Nur-Sultan | 1 |